000 00967cad a22002055a 4500
001 L151515
008 101112e20101102xxk f 000 0 eng d
035 _a(Sirsi) u151515
041 0 _aeng
110 2 _aFederation of Master Builders
_9465
245 0 0 _aVAT increase will damage the Green Deal, warns Federation of Master Builders
_h[electronic resource]
260 _c2010
490 _aFederation of Master Builders Press Release
_v2 November 2010
520 _aDirector General of the FMB observes "what happens in the period from January 2011 to autumn 2012 when the Green Deal is expected to become available will be key to the policy?s chances of success."
590 _aKA NTK
651 4 _aUnited Kingdom
_y
690 _aBUILT ENVIRONMENT-CONSTRUCTION MARKET
856 4 0 _uhttps://www.fmb.org.uk/news/press-releases/2010/november/vat-increase-will-damage-the-green-deal-warns-fmb021110/
_zView the item free of charge at www.fmb.org.uk
942 _n0
999 _c82813
_d82813